Tự học tiếng Pháp, tập 2

Bewaard in:
Bibliografische gegevens
Formaat: Boek
Tags: Voeg label toe
Geen labels, Wees de eerste die dit record labelt!
Thư viện lưu trữ: Mạng thư viện Đại học Đà Nẵng
LEADER 00408nam a22001691a 4500
001 000036419
003 12714
005 20160408151545.0
008 160408s0 000
082 |a 4P(07) 44-45 
245 |a Tự học tiếng Pháp, tập 2 
OWN |a LNN 
999 |a From the UDN01 
TYP |a Monograph 
980 |a Mạng thư viện Đại học Đà Nẵng